000 01560cam a2200337 a 4500
001 5864
003 FISKH
005 20250127101250.0
008 060103s2006 maua j 000 1 eng
010 _a 2005038070
020 _a9780618737574 (pbk. : alk. paper)
020 _a061873757X (pbk. : alk. paper)
040 _aDLC
_cDLC
_dDLC
_beng
050 _aPZ7.P42583
082 _a277
100 1 _aPerez, Monica.
245 1 0 _aCurious George :
_bthe donut delivery /
_cadaptation by Monica Perez ; based on the tv series teleplay written by Joe Fallon.
260 _aBoston :
_bHoughton Mifflin,
_c2006.
300 _a20 unnumbered pages :
_bcolor illustrations ;
_c21 cm
500 _a"Curious about zero"--Cover.
500 _a"PBS Kids"--Cover.
505 _aE
520 _aMembers Reviews Popularity Average rating Conversations 257 None 111,124 (3.67) None How many donuts can one monkey eat? George does the math in this humorous tale! Curious George is ordering donuts but he adds a few extra zeroes. Now he's about to discover just how big his delivery problem is going to become! This picture book based on the Emmy-winning PBS animated series, now streaming on Peacock, not only entertains young readers but also explores the concepts of zero and counting by tens.
521 8 _a270
_bLexile
521 8 _aE
_bRaz-Plus
650 _aCurious George
_vMonkeys
_xDonuts
730 0 _aCurious George (Television program)
906 _a7
_bcbc
_corignew
_d1
_eecip
_f20
_gy-gencatlg
942 _2ddc
_cBK
_n0
999 _c5864
_d5864